[Event "Fast SC for NEW Members"]
[Site "SchemingMind.com"]
[Date "2006.11.05"]
[Round "-"]
[White "Nimbus"]
[Black "Maddened"]
[Result "1-0"]
[WhiteCountry "USA"]
[BlackCountry "SGP"]
[WhiteElo "1800"]
[WhiteRD "230"]
[BlackElo "1264"]
[BlackRD "129"]
[GameID "75122"]

1. d4 Nf6 2. c4 d5 3. Nc3 dxc4 4. e4 Nc6 5. Nf3 e6 6. Bg5 h6 7. Bh4 g5 8. Bg3 Bd6 9. Bxd6 Qxd6 10. Bxc4 e5
11. O-O exd4 12. Ne2 Ng4 13. Nexd4 Be6 14. Nxe6 fxe6 15. Qxd6 cxd6 16. Bxe6 h5 17. Nxg5 Nd4 18. Rac1 Ne2+ 19. Kh1 Nxc1 20. Rxc1 Rg8
21. Bxg8 Nf6 22. Bd5 Ke7 23. Rc7+
1-0

[Event "Fast SC for NEW Members"]
[Site "SchemingMind.com"]
[Date "2006.11.05"]
[Round "-"]
[White "Maddened"]
[Black "Nimbus"]
[Result "1-0"]
[WhiteCountry "SGP"]
[BlackCountry "USA"]
[WhiteElo "1375"]
[WhiteRD "117"]
[BlackElo "1641"]
[BlackRD "136"]
[GameID "75123"]

1. e4 c6 2. Nc3 d5 3. Bd3 dxe4 4. Bxe4 Nf6 5. Nf3 Nxe4 6. Nxe4 Bg4 7. d4 Nd7 8. h3 Bh5 9. Ng3 Bg6 10. Bf4 e6
11. Ne5 Bd6 12. Nxg6 fxg6 13. Bxd6 Qa5+ 14. c3 Nb6 15. Qg4 Qd5 16. Ne4 Nc4 17. Bc5 Nxb2 18. Qh4 Nd3+ 19. Ke2 Nxc5 20. dxc5 O-O
21. Rhd1 Qc4+ 22. Rd3 b6 23. Nf6+ Rxf6 24. Qxc4 Raf8 25. f3 b5 26. Qe4 Rc8 27. Rad1 h6 28. Rd8+ Rxd8 29. Rxd8+ Rf8 30. Qxe6+
1-0

[Event "Fast SC for NEW Members"]
[Site "SchemingMind.com"]
[Date "2006.11.07"]
[Round "-"]
[White "aston294"]
[Black "Maddened"]
[Result "0-1"]
[WhiteCountry "ENG"]
[BlackCountry "SGP"]
[WhiteElo "941"]
[WhiteRD "68"]
[BlackElo "1264"]
[BlackRD "129"]
[GameID "75441"]

1. d4 Nf6 2. Nc3 Nc6 3. e3 e5 4. Nf3 e4 5. Ne5 Qe7 6. f3 d6 7. Ng4 d5 8. Bb5 Bf5 9. h3 Nh5 10. Rf1 Ng3
11. Rf2 Qh4 12. Nxd5 O-O-O 13. Ne5 Nh1 14. Ke2 Qxf2#
0-1

[Event "Fast SC for NEW Members"]
[Site "SchemingMind.com"]
[Date "2006.11.07"]
[Round "-"]
[White "aston294"]
[Black "Nimbus"]
[Result "0-1"]
[WhiteCountry "ENG"]
[BlackCountry "USA"]
[WhiteElo "941"]
[WhiteRD "68"]
[BlackElo "1800"]
[BlackRD "230"]
[GameID "75442"]

1. d4 Nf6 2. Nf3 e6 3. Ne5 Bb4+ 4. Bd2 Bxd2+ 5. Kxd2 Nc6 6. Kc1 Nxe5 7. dxe5 Nd5 8. e4 Ne7 9. Nc3 O-O 10. Bc4 d6
11. f4 dxe5 12. fxe5 Nc6 13. Nb5 Qg5+ 14. Kb1 Qxe5 15. Rf1 a6 16. Re1 axb5 17. b4 bxc4 18. Rf1 Nxb4 19. a3 Nc6 20. Ra2 Qc3
21. Rf3 Qa5 22. g4 Nb4 23. Rb2 b5 24. Qd2 e5 25. Rxb4 Bxg4 26. Rg3 c5 27. Rxg4 Qxa3 28. Rb3 Qa1#
0-1

[Event "Fast SC for NEW Members"]
[Site "SchemingMind.com"]
[Date "2006.11.07"]
[Round "-"]
[White "Nimbus"]
[Black "aston294"]
[Result "1-0"]
[WhiteCountry "USA"]
[BlackCountry "ENG"]
[WhiteElo "1800"]
[WhiteRD "230"]
[BlackElo "941"]
[BlackRD "68"]
[GameID "75444"]

1. d4 d5 2. Nf3 Nc6 3. c4 dxc4 4. e4 b5 5. Nc3 Nf6 6. Bg5 Ng4 7. Nxb5 f6 8. Bh4 g5 9. Bg3 a6 10. Nxc7+ Qxc7
11. Bxc7 Ra7 12. Bg3 e5 13. Bxc4 Bb4+ 14. Nd2 Nxd4 15. O-O Rc7 16. a3 f5 17. axb4 Bb7 18. exf5 Rxc4 19. Nxc4 Ne3 20. Nxe3 Rf8
21. Bxe5 Nxf5 22. Nxf5 Rxf5 23. Re1 Bxg2 24. Bg3+ Be4 25. Rxe4+
1-0

[Event "Fast SC for NEW Members"]
[Site "SchemingMind.com"]
[Date "2006.11.08"]
[Round "-"]
[White "aldave"]
[Black "Maddened"]
[Result "1-0"]
[WhiteCountry "PHI"]
[BlackCountry "SGP"]
[WhiteElo "2068"]
[WhiteRD "160"]
[BlackElo "1264"]
[BlackRD "129"]
[GameID "75614"]

1. d4 Nc6 2. c4 e6 3. Nf3 d5 4. e3 Nf6 5. Nc3 b6 6. cxd5 exd5 7. Bb5 a6 8. Bxc6+ Bd7 9. Bxa8 Qxa8 10. Ne5 Be6
11. O-O Bd6 12. f4 Bg4 13. Nxg4 Nxg4 14. Qxg4
1-0

[Event "Fast SC for NEW Members"]
[Site "SchemingMind.com"]
[Date "2006.11.07"]
[Round "-"]
[White "aldave"]
[Black "Nimbus"]
[Result "1-0"]
[WhiteCountry "PHI"]
[BlackCountry "USA"]
[WhiteElo "2047"]
[WhiteRD "118"]
[BlackElo "1641"]
[BlackRD "136"]
[GameID "75615"]

1. d4 Nf6 2. c4 g6 3. Nc3 Bg7 4. e4 O-O 5. Nf3 d6 6. Be2 Bg4 7. Be3 c5 8. d5 Nbd7 9. O-O a6 10. a4 Re8
11. h3 Bxf3 12. Bxf3 Ne5 13. Be2 Qd7 14. f4 Nc6 15. dxc6 Qxc6 16. Bf3 e6 17. e5 Nd5 18. cxd5 exd5 19. Bxd5 Qb6 20. Qd2 Rad8
21. Qf2 Rd7 22. exd6 Bxc3 23. bxc3 Qxd6 24. c4 b6 25. f5 Qe5 26. fxg6 Qxe3 27. gxf7+
1-0

[Event "Fast SC for NEW Members"]
[Site "SchemingMind.com"]
[Date "2006.11.07"]
[Round "-"]
[White "aldave"]
[Black "aston294"]
[Result "1-0"]
[WhiteCountry "PHI"]
[BlackCountry "ENG"]
[WhiteElo "2068"]
[WhiteRD "160"]
[BlackElo "941"]
[BlackRD "68"]
[GameID "75616"]

1. d4 Nc6 2. c4 Nxd4 3. Qxd4 a5 4. Nf3 d6 5. e4 c5 6. Qd1 Nf6 7. Nc3 Bg4 8. Be2 h5 9. Bg5 b6 10. Qd2 Rc8
11. Rd1 Nh7 12. Bf4 Rc6 13. h3 f5 14. hxg4 fxg4 15. Ng5 Nf6 16. e5 dxe5 17. Qxd8#
1-0

[Event "Fast SC for NEW Members"]
[Site "SchemingMind.com"]
[Date "2006.11.08"]
[Round "-"]
[White "Maddened"]
[Black "aldave"]
[Result "0-1"]
[WhiteCountry "SGP"]
[BlackCountry "PHI"]
[WhiteElo "1264"]
[WhiteRD "129"]
[BlackElo "2068"]
[BlackRD "160"]
[GameID "75617"]

1. e4 c5 2. Nc3 e6 3. Nf3 a6 4. d4 cxd4 5. Nxd4 d6 6. g3 Nf6 7. Bf4 e5 8. Be3 exd4 9. Qxd4 Nc6 10. Qd3 Be7
11. Na4 Qa5+ 12. Qd2 Qxa4 13. b3 Qxe4
0-1

[Event "Fast SC for NEW Members"]
[Site "SchemingMind.com"]
[Date "2006.11.08"]
[Round "-"]
[White "Nimbus"]
[Black "aldave"]
[Result "0-1"]
[WhiteCountry "USA"]
[BlackCountry "PHI"]
[WhiteElo "1562"]
[WhiteRD "132"]
[BlackElo "2061"]
[BlackRD "118"]
[GameID "75618"]

1. d4 d5 2. Nf3 Nf6 3. c4 c6 4. Nc3 e6 5. cxd5 exd5 6. Bg5 Be7 7. e3 O-O 8. Bd3 Nbd7 9. O-O Re8 10. Qc2 Nf8
11. Bxf6 Bxf6 12. Rfe1 Bg4 13. Nd2 Ng6 14. Bxg6 hxg6 15. Ne2 Bxe2 16. Rxe2 Bxd4 17. Rae1 Bf6 18. Nf3 Qb6 19. b3 Re7 20. e4 dxe4
21. Rxe4 Rxe4 22. Qxe4 Rd8 23. h3 a5 24. Ne5 Qd4 25. Ng4 Qxe4 26. Rxe4 Rd1+ 27. Kh2 Rd2 28. Nxf6+ gxf6 29. Re8+ Kg7 30. Rb8 b5
31. Rc8 Rxf2 32. Rxc6 Rxa2 33. Rb6 b4 34. Rb5 Rb2 35. Rxa5 Rxb3 36. Rb5 Rb1 37. Kg3 f5 38. h4 b3 39. Kf4 b2 40. g3 Rf1+
0-1

[Event "Fast SC for NEW Members"]
[Site "SchemingMind.com"]
[Date "2006.11.07"]
[Round "-"]
[White "aston294"]
[Black "aldave"]
[Result "0-1"]
[WhiteCountry "ENG"]
[BlackCountry "PHI"]
[WhiteElo "941"]
[WhiteRD "68"]
[BlackElo "2068"]
[BlackRD "160"]
[GameID "75619"]

1. d4 d5 2. Nc3 Nf6 3. e4 Nxe4 4. f3 Nxc3 5. bxc3 Bf5 6. g4 Bg6 7. Ne2 e6 8. Rb1 b6 9. Rb3 Qh4+ 10. Ng3 Bd6
11. c4 Bxg3+ 12. Kd2 Bf4+ 13. Re3 Qf2+ 14. Kc3 Bxe3 15. Qd3 Bxd3 16. cxd3 Bxc1 17. Bh3 Qb2#
0-1

[Event "Fast SC for NEW Members"]
[Site "SchemingMind.com"]
[Date "2006.11.08"]
[Round "-"]
[White "AntonieGM"]
[Black "Maddened"]
[Result "1-0"]
[WhiteCountry "NED"]
[BlackCountry "SGP"]
[WhiteElo "1797"]
[WhiteRD "158"]
[BlackElo "1264"]
[BlackRD "129"]
[GameID "75647"]

1. e4 e5 2. Nf3 Nc6 3. Nc3 Bc5 4. Bc4 Nf6 5. d3 O-O 6. Bg5 d6 7. Nd5 Be6 8. Bxf6 gxf6 9. Qd2 a6 10. a3 a5
11. Qh6 Bxd5 12. Bxd5 Qd7 13. Nh4 Nd4 14. O-O Ne2+ 15. Kh1 Nf4 16. Nf5
1-0

[Event "Fast SC for NEW Members"]
[Site "SchemingMind.com"]
[Date "2006.11.07"]
[Round "-"]
[White "AntonieGM"]
[Black "Nimbus"]
[Result "0-1"]
[WhiteCountry "NED"]
[BlackCountry "USA"]
[WhiteElo "1646"]
[WhiteRD "122"]
[BlackElo "1641"]
[BlackRD "136"]
[GameID "75648"]

1. d4 Nf6 2. c4 e6 3. Bg5 Bb4+ 4. Nc3 Bxc3+ 5. bxc3 O-O 6. Nf3 Nc6 7. e4 d5 8. e5 h6 9. exf6 hxg5 10. fxg7 Kxg7
11. Bd3 f6 12. Qc2 Kf7 13. h4 Rh8 14. O-O-O a5 15. hxg5 Rxh1 16. Rxh1 fxg5 17. Rh7+ Kf6
0-1

[Event "Fast SC for NEW Members"]
[Site "SchemingMind.com"]
[Date "2006.11.07"]
[Round "-"]
[White "AntonieGM"]
[Black "aston294"]
[Result "1-0"]
[WhiteCountry "NED"]
[BlackCountry "ENG"]
[WhiteElo "1797"]
[WhiteRD "158"]
[BlackElo "941"]
[BlackRD "68"]
[GameID "75649"]

1. e4 e5 2. Nf3 Nc6 3. Nc3 Nd4 4. Nxe5 d6 5. Nf3 c5 6. Nxd4 cxd4 7. Bb5+ Bd7 8. Bxd7+ Qxd7 9. Ne2 O-O-O 10. d3 Re8
11. O-O Nf6 12. Nxd4 Nxe4 13. dxe4 Rxe4 14. Nf3 d5 15. Be3 Bb4 16. c3 Rhe8 17. cxb4 Rxb4 18. Rc1+ Kb8 19. b3 a5 20. Nd4 Qg4
21. Qxg4 g6 22. Qd7 Rc8 23. Rxc8+ Ka7 24. Nc6+
1-0

[Event "Fast SC for NEW Members"]
[Site "SchemingMind.com"]
[Date "2006.11.08"]
[Round "-"]
[White "AntonieGM"]
[Black "aldave"]
[Result "0-1"]
[WhiteCountry "NED"]
[BlackCountry "PHI"]
[WhiteElo "1646"]
[WhiteRD "122"]
[BlackElo "2047"]
[BlackRD "118"]
[GameID "75650"]

1. c4 c6 2. d4 d5 3. e3 Nf6 4. Nc3 e6 5. Nf3 Nbd7 6. Bd3 dxc4 7. Bxc4 b5 8. Bd3 a6 9. O-O c5 10. dxc5 Bxc5
11. Qc2 O-O 12. h3 Bb7 13. e4 e5 14. Bg5 Re8 15. Rad1 Qb6 16. Bxf6 Nxf6 17. a3 Rac8 18. b4 Bd4
0-1

[Event "Fast SC for NEW Members"]
[Site "SchemingMind.com"]
[Date "2006.11.07"]
[Round "-"]
[White "Nimbus"]
[Black "AntonieGM"]
[Result "1-0"]
[WhiteCountry "USA"]
[BlackCountry "NED"]
[WhiteElo "1641"]
[WhiteRD "136"]
[BlackElo "1646"]
[BlackRD "122"]
[GameID "75652"]

1. d4 d5 2. Nf3 Nc6 3. Bf4 Nf6 4. Nbd2 e6 5. c4 dxc4 6. Nxc4 Nd5 7. Bg3 Bb4+ 8. Ncd2 O-O 9. e3 a6 10. a3 Ba5
11. Bc4 Nf6 12. O-O Bxd2 13. Qxd2 Ne4 14. Qd3 Nxg3 15. fxg3 b5 16. Bb3
1-0

[Event "Fast SC for NEW Members"]
[Site "SchemingMind.com"]
[Date "2006.11.07"]
[Round "-"]
[White "aston294"]
[Black "AntonieGM"]
[Result "0-1"]
[WhiteCountry "ENG"]
[BlackCountry "NED"]
[WhiteElo "941"]
[WhiteRD "68"]
[BlackElo "1797"]
[BlackRD "158"]
[GameID "75653"]

1. e4 e5 2. Nf3 Nc6 3. Nc3 Nf6 4. d4 exd4 5. Bg5 dxc3 6. bxc3 d6 7. Bb5 Bd7 8. Qe2 a6 9. e5 Nxe5 10. Nxe5 Bxb5
11. Nxf7+ Kxf7 12. c4 Bc6 13. h4 Qe8 14. Rg1 Qxe2+ 15. Kxe2 Be7 16. f4 Rhe8 17. Rad1 h6 18. Rd4 d5 19. Rb1 Bc5+ 20. Kd2 Bxd4
21. g3 dxc4 22. c3 Ne4+ 23. Ke1 Nxc3+ 24. Kd2 Nxb1+
0-1

[Event "Fast SC for NEW Members"]
[Site "SchemingMind.com"]
[Date "2006.11.08"]
[Round "-"]
[White "aldave"]
[Black "AntonieGM"]
[Result "1-0"]
[WhiteCountry "PHI"]
[BlackCountry "NED"]
[WhiteElo "2047"]
[WhiteRD "118"]
[BlackElo "1646"]
[BlackRD "122"]
[GameID "75654"]

1. d4 d5 2. c4 c6 3. Nf3 e6 4. Nc3 Bb4 5. e3 Nf6 6. Bd3 dxc4 7. Bxc4 Ne4 8. Bd2 Nxc3 9. Bxc3 Bxc3+ 10. bxc3 O-O
11. O-O Nd7 12. a4 Nb6 13. Bd3 h6 14. a5 Nd5 15. Qb3 a6 16. Ne5 Nf6 17. Rfd1 Nd7 18. Nf3 Qe7 19. Rab1
1-0

[Event "Fast SC for NEW Members"]
[Site "SchemingMind.com"]
[Date "2006.11.13"]
[Round "-"]
[White "PumpkinFace"]
[Black "Maddened"]
[Result "1-0"]
[WhiteCountry "USA"]
[BlackCountry "SGP"]
[WhiteElo "1835"]
[WhiteRD "211"]
[BlackElo "1264"]
[BlackRD "129"]
[GameID "76445"]

1. Nf3 d5 2. d3 Nc6 3. g3 Nf6 4. Bg2 e5 5. O-O Bc5 6. Nbd2 d4 7. a3 O-O 8. c3 b5 9. cxd4 exd4 10. b4 Bb6
11. Nxd4 Qxd4 12. Nb3 Qd6 13. Bf4 Qe7 14. Bxc6 Rb8 15. Bg2 Nh5 16. Qd2 Be6 17. Rab1 Rbd8 18. Be3 Bd5 19. Nc5 Nf6 20. Rbc1 Ng4
21. Bf4 Rfe8 22. e4 Bc4 23. Qe2 Ne5 24. Bxe5 Qxe5 25. dxc4 a5 26. cxb5 axb4 27. axb4 Bxc5 28. bxc5 Qg5 29. f4 Qg6 30. Qc4 Rd2
31. Rfd1 Red8 32. Rxd2 Rxd2 33. Qb4
1-0

[Event "Fast SC for NEW Members"]
[Site "SchemingMind.com"]
[Date "2006.11.13"]
[Round "-"]
[White "PumpkinFace"]
[Black "Nimbus"]
[Result "1-0"]
[WhiteCountry "USA"]
[BlackCountry "USA"]
[WhiteElo "1952"]
[WhiteRD "138"]
[BlackElo "1641"]
[BlackRD "136"]
[GameID "76446"]

1. e4 c6 2. d4 d5 3. e5 c5 4. c3 cxd4 5. cxd4 Nc6 6. h3 Bf5 7. Nf3 e6 8. Nc3 Bb4 9. a3 Bxc3+ 10. bxc3 Nge7
11. Bg5 O-O 12. Bd3 Bxd3 13. Qxd3 Qc7 14. O-O Nf5 15. Nh4 Rfe8 16. Nxf5 exf5 17. Qxf5 Ne7 18. Qg4 Nc8 19. Bf6 g6 20. Qg5 Ne7
21. g4 Rad8 22. Qh6
1-0

[Event "Fast SC for NEW Members"]
[Site "SchemingMind.com"]
[Date "2006.11.13"]
[Round "-"]
[White "PumpkinFace"]
[Black "aston294"]
[Result "1-0"]
[WhiteCountry "USA"]
[BlackCountry "ENG"]
[WhiteElo "1835"]
[WhiteRD "211"]
[BlackElo "941"]
[BlackRD "68"]
[GameID "76447"]

1. d4 d5 2. Nf3 Nc6 3. e3 Bg4 4. Nbd2 e5 5. dxe5 f6 6. exf6 gxf6 7. a3 Bh6 8. Be2 Nge7 9. O-O Ne5 10. Nxe5 fxe5
11. Bxg4 d4 12. Bh5+ Kd7 13. Qg4+ Kd6 14. Ne4+ Kc6 15. Qe6+ Kb5 16. Be2+ Ka5 17. Bd2+ Ka4 18. Qb3#
1-0

[Event "Fast SC for NEW Members"]
[Site "SchemingMind.com"]
[Date "2006.11.13"]
[Round "-"]
[White "PumpkinFace"]
[Black "AntonieGM"]
[Result "1-0"]
[WhiteCountry "USA"]
[BlackCountry "NED"]
[WhiteElo "1952"]
[WhiteRD "138"]
[BlackElo "1646"]
[BlackRD "122"]
[GameID "76448"]

1. Nf3 d5 2. g3 c5 3. Bg2 e6 4. O-O Nf6 5. d3 Nc6 6. Nbd2 Be7 7. Re1 O-O 8. b3 a6 9. Bb2 Bd7 10. Ne5 Nxe5
11. Bxe5 Bc6 12. e4 d4 13. Rc1 b5 14. c3 dxc3 15. Bxc3 Qxd3 16. Bxf6 Bxf6 17. Rxc5 Rac8 18. e5 Bg5 19. Bxc6
1-0

[Event "Fast SC for NEW Members"]
[Site "SchemingMind.com"]
[Date "2006.11.13"]
[Round "-"]
[White "PumpkinFace"]
[Black "aldave"]
[Result "0-1"]
[WhiteCountry "USA"]
[BlackCountry "PHI"]
[WhiteElo "1952"]
[WhiteRD "138"]
[BlackElo "2047"]
[BlackRD "118"]
[GameID "76449"]

1. c4 c6 2. Nf3 d5 3. e3 Nf6 4. h3 Bf5 5. Nc3 e6 6. d4 Nbd7 7. Be2 Bd6 8. a3 O-O 9. O-O h6 10. c5 Bc7
11. b4 e5 12. dxe5 Nxe5 13. Bb2 Re8 14. b5 Qd7 15. bxc6 bxc6 16. Nxe5 Bxe5 17. g4 Bg6 18. Na4 Bxb2 19. Nxb2 Rab8 20. Nd3 Be4
21. Nf4 Rb2 22. Bd3 Qe7 23. Qc1 Reb8 24. Bxe4 Nxe4 25. Nd3 Rd2 26. Nb4 Qh4 27. Ra2 Nxf2 28. Rxf2 Qxf2+ 29. Kh1 Qg2#
0-1

[Event "Fast SC for NEW Members"]
[Site "SchemingMind.com"]
[Date "2006.11.13"]
[Round "-"]
[White "Nimbus"]
[Black "PumpkinFace"]
[Result "0-1"]
[WhiteCountry "USA"]
[BlackCountry "USA"]
[WhiteElo "1641"]
[WhiteRD "136"]
[BlackElo "1952"]
[BlackRD "138"]
[GameID "76451"]

1. d4 d5 2. Nf3 Nf6 3. Bg5 Nbd7 4. c4 h6 5. Bh4 b6 6. cxd5 Nxd5 7. e4 Nf4 8. Bc4 Nxg2+ 9. Kf1 Nxh4 10. Nxh4 Bb7
11. Nc3 e6 12. Qe2 Qxh4 13. Re1 Bb4 14. d5 Qh3+ 15. Kg1 O-O-O 16. Qe3 Qh5 17. dxe6 fxe6 18. Bxe6 Qg6+ 19. Kf1 Qxe6 20. f3 g5
21. a3 Bxc3 22. Qxc3 Rhf8 23. Kf2 Nc5 24. Kg2 g4 25. Rhf1 gxf3+ 26. Kf2 Nxe4+
0-1

[Event "Fast SC for NEW Members"]
[Site "SchemingMind.com"]
[Date "2006.11.13"]
[Round "-"]
[White "aston294"]
[Black "PumpkinFace"]
[Result "0-1"]
[WhiteCountry "ENG"]
[BlackCountry "USA"]
[WhiteElo "941"]
[WhiteRD "68"]
[BlackElo "1835"]
[BlackRD "211"]
[GameID "76452"]

1. Nf3 Nf6 2. e3 Nc6 3. Bb5 a6 4. Bc4 b5 5. Bd3 e5 6. Nc3 d5 7. Ne2 e4 8. Bxe4 dxe4 9. d3 exf3 10. gxf3 Bd6
11. c4 O-O 12. b3 Bb7 13. a4 Ne5 14. axb5 Nxf3+ 15. Kf1 Nxh2+ 16. Kg1 Bxh1 17. b4 Bf3 18. bxa6 Nh5 19. a7 Qg5+ 20. Ng3 Bxd1
21. Bb2 Bf3 22. Kxh2= Bxg3+ 23. fxg3 Qxg3#
0-1

[Event "Fast SC for NEW Members"]
[Site "SchemingMind.com"]
[Date "2006.11.13"]
[Round "-"]
[White "AntonieGM"]
[Black "PumpkinFace"]
[Result "0-1"]
[WhiteCountry "NED"]
[BlackCountry "USA"]
[WhiteElo "1646"]
[WhiteRD "122"]
[BlackElo "1952"]
[BlackRD "138"]
[GameID "76453"]

1. e4 e5 2. Nf3 Nc6 3. Bc4 Nf6 4. Nc3 Bc5 5. h3 O-O 6. d3 a6 7. Bg5 b5 8. Bb3 Be7 9. O-O d6 10. a3 h6
11. Bh4 Bb7 12. Nd5 Nxd5 13. Bxd5 Bxh4 14. c4 bxc4 15. dxc4 Rb8 16. b4 Bf6 17. Qa4 Qd7 18. Rab1 Rfd8
0-1

[Event "Fast SC for NEW Members"]
[Site "SchemingMind.com"]
[Date "2006.11.13"]
[Round "-"]
[White "aldave"]
[Black "PumpkinFace"]
[Result "1-0"]
[WhiteCountry "PHI"]
[BlackCountry "USA"]
[WhiteElo "2047"]
[WhiteRD "118"]
[BlackElo "1952"]
[BlackRD "138"]
[GameID "76454"]

1. d4 Nf6 2. c4 c5 3. d5 d6 4. Nc3 Bf5 5. f3 e6 6. e4 Bg6 7. Bd3 Be7 8. Nge2 O-O 9. O-O h6 10. Nf4 exd5
11. cxd5 Bh7 12. a4 a6 13. Kh1 Nbd7 14. a5 Ne5 15. Bc2 Nc4 16. g4 Nxa5 17. Rg1 Nd7 18. Nh5 b5 19. Qd2 Nc4 20. Qg2 g5
21. f4 Bg6 22. Ng3 f6 23. e5 Bxc2 24. Qxc2 Ncxe5 25. fxe5 Nxe5 26. Nf5 Nf7 27. Nxh6+ Nxh6 28. Qg6+
1-0